LEADER 01145nam0-22003731i-450- 001 990007436710403321 005 20110928124527.0 010 $a88-348-2441-5 035 $a000743671 035 $aFED01000743671 035 $a(Aleph)000743671FED01 035 $a000743671 100 $a20030523d2002----km-y0itay50------ba 101 0 $aita 102 $aIT 105 $ay-------001yy 200 1 $a<>contenuti obbligatori intersindacali nella teoria giuridica del contratto collettivo$fEnrico Maria Mastinu$gcon prefazione di Gianni Loy 210 $aTorino$cGiappichelli$d2002 215 $aXXIII, 278 p.$d24 cm 225 1 $aDiritto del lavoro$v20 676 $a331.80945$v20$zita 700 1$aMastinu,$bEnrico Maria$0151616 702 1$aLoy,$bGianni 801 0$aIT$bUNINA$gRICA$2UNIMARC 901 $aBK 912 $a990007436710403321 952 $aDPR 28-835$b21286$fDEC 952 $aDPR 28-833$b20733$fDEC 952 $aB-III-167$fDDRC 959 $aDEC 959 $aDEC 959 $aDDRC 996 $aContenuti obbligatori intersindacali nella teoria giuridica del contratto collettivo$9472122 997 $aUNINA LEADER 01295nam--2200397---450- 001 990000961850203316 005 20091014104241.0 010 $a0-8108-2838-3 035 $a0096185 035 $aUSA010096185 035 $a(ALEPH)000096185USA01 035 $a0096185 100 $a20020214d1994----km-y0itay0103----ba 101 $aeng 105 $a||||||||001yy 200 1 $aHistorical dictionary of european organizations$fby Derek W. Urwin 210 $aMetuchen$cThe Scarecrow$d1994 215 $aXXX, 389 p$d22 cm 225 2 $aInternational organizations$v4 410 $12001$aInternational organizations$v4 606 0 $aOrganizzazioni internazionali$yEuropa$xStoria 606 0 $aCooperazione internazionale$xStoria 606 0 $aRegionalismo 676 $a341.24209 700 1$aURWIN,$bDerek W.$0120132 801 0$aIT$bsalbc$gISBD 912 $a990000961850203316 951 $aXXIII.4.B. 182 (IG ING VIII 12 809 4)$b9800 G$cXXIII.4.B. 182 (IG ING VIII)$d00250817 959 $aBK 969 $aGIU 979 $aPATTY$b90$c20020214$lUSA01$h1604 979 $c20020403$lUSA01$h1738 979 $aPATRY$b90$c20040406$lUSA01$h1706 979 $aRSIAV4$b90$c20091014$lUSA01$h1042 996 $aHistorical dictionary of european organizations$9972621 997 $aUNISA LEADER 01206cam0-2200409---450- 001 990000437170203316 005 20050711181403.0 035 $a0043717 035 $aUSA010043717 035 $a(ALEPH)000043717USA01 035 $a0043717 100 $a20010509h19791938|||y0itay0103----ba 101 1 $aita 102 $aIT 105 $a||||||||001yy 200 1 $aIstruzioni e mobilitŕ sociale$fRaymond Boudon 210 $aBologna$cZanichelli$d1979 215 $aV, 233 p.$d21 cm 225 2 $aCollana di sociologia 300 $aTrad. di Antonio Cobalti 312 $aL'inégalité des chances 410 0$12001$aCollana di sociologia 454 $12001$aL'inégalité des chances$91519054 606 0 $aIstruzione$xSociologia 676 $a371. 700 1$aBOUDON,$bRaymond$045188 801 $aIT$bSALBC$gISBD 912 $a990000437170203316 951 $aII.5. 3411(XV B 626)$b141400 LM$cXV B 626 959 $aBK 969 $aUMA 979 $aPATTY$b90$c20010509$lUSA01$h1725 979 $c20020403$lUSA01$h1652 979 $aPATRY$b90$c20040406$lUSA01$h1630 979 $aCOPAT6$b90$c20050711$lUSA01$h1814 996 $aL'inégalité des chances$91519054 997 $aUNISA